| 000 | 00785nas a2200253 4500 | ||
|---|---|---|---|
| 001 | BR7903020 | ||
| 003 | BR-BrBNA | ||
| 005 | 20231205083722.0 | ||
| 007 | ta | ||
| 008 | 230509b bl.|||p| |||| 00| 00por d | ||
| 040 |
_aBR-BrBNA _bpor _cBiblioteca Nacional de Agricultura |
||
| 041 | _a(Pt) | ||
| 072 | _aF00 | ||
| 100 | 1 | _aMascarenhas, M.H.T. | |
| 245 | 1 | _aPlantio e espacamento na cultura do alho [Allium sativum] | |
| 650 | _aProducao vegetal | ||
| 650 | _aAlho | ||
| 650 | _aDensidade de plantio | ||
| 650 | _aPlantio | ||
| 650 | _aEspacamento | ||
| 773 | 0 |
_tInforme Agropecuario - Empresa de Pesquisa Agropecuaria de Minas Gerais (Brazil) _xISSN 0100-3364 _g(Dec 1978), v. 4(48) p. 31-34 _wBR7903020 |
|
| 909 |
_a202311 _bLúcia _c55 _dLúcia Elande |
||
| 942 |
_2AGRIS _n0 _cANA |
||
| 999 |
_c100753 _d100753 |
||